Państwa Produkujące Najwięcej Brzoskwiń i Nektaryny - Statystyki

Ogólne statystyki
  • Ten quiz został rozwiązany 191 razy
  • Średni wynik to 14 z 20
Statystyki odpowiedzi
Tony roczne Państwa % Poprawnych
14 469 004 Chiny
93%
1 529 919 Hiszpania
93%
927 178 Stany Zjednoczone
93%
1 427 573 Włochy
90%
191 855 Brazylia
86%
287 778 Indie
86%
847 990 Grecja
84%
207 759 Francja
82%
176 909 Meksyk
82%
674 136 Turcja
82%
248 090 Argentyna
79%
266 628 Egipt
72%
127 300 Japonia
69%
337 402 Chile
66%
179 735 Republika Południowej Afryki
60%
863 922 Iran
58%
123 000 Tunezja
57%
169 386 Algieria
55%
230 334 Korea Południowa
52%
226 127 Uzbekistan
8%
Nie znaleziono quizów pasujących do podanych kryteriów
Rozkład punktacji
Procent ludzi z każdym wynikiem
Percentyl według liczby udzielonych odpowiedzi
Twoja historia wyników
Nie rozwiązałeś tego quizu